[Event "Leitersdorf Region-ch"]
[Site "Leitersdorf"]
[Date "2017.01.07"]
[Round "4.12"]
[White "Wilfling, Sandra"]
[Black "Kocsis, Tamas"]
[Result "1-0"]
[WhiteElo "1817"]
[BlackElo "1196"]
[PlyCount "61"]
[EventDate "2017.01.04"]
[EventType "swiss"]
[EventRounds "5"]
[EventCountry "AUT"]
[SourceTitle "EXT 2024"]
[Source "ChessBase"]
[SourceDate "2023.10.10"]
[SourceVersion "1"]
[SourceVersionDate "2023.10.10"]
[SourceQuality "1"]

1. d4 Nf6 2. c4 e6 3. Nc3 d5 4. Bg5 Be7 5. e3 h6 6. Bh4 0-0 7. Nf3 Ne4 8. Bxe7 Qxe7 9. Rc1 Re8 10. Bd3 Nxc3 11. Rxc3 dxc4 12. Bxc4 c6 13. e4 b5 14. Bb3 Bb7 15. e5 Na6 16. 0-0 Nc7 17. Nd2 Nd5 18. Rg3 g6 19. Ne4 Rec8 20. Nd6 Rf8 21. f4 Kh8 22. Rh3 Kg7 23. Bc2 Rh8 24. f5 exf5 25. Bxf5 Raf8 26. Rg3 Kh7 27. Qd3 Rhg8 28. Nxf7 Qxf7 29. Bxg6+ Rxg6 30. Rxf7+ Rxf7 31. Qxg6+ 1-0

[Event "Leitersdorf Region-ch"]
[Site "Leitersdorf"]
[Date "2017.01.06"]
[Round "3.20"]
[White "Kocsis, Tamas"]
[Black "Hainzl, Markus"]
[Result "1-0"]
[WhiteElo "1196"]
[BlackElo "1569"]
[PlyCount "61"]
[EventDate "2017.01.04"]
[EventType "swiss"]
[EventRounds "5"]
[EventCountry "AUT"]
[SourceTitle "EXT 2024"]
[Source "ChessBase"]
[SourceDate "2023.10.10"]
[SourceVersion "1"]
[SourceVersionDate "2023.10.10"]
[SourceQuality "1"]

1. d4 Nf6 2. Bf4 e6 3. Nf3 b6 4. e3 Bb7 5. Be2 g6 6. 0-0 Bg7 7. Nbd2 d5 8. c3 0-0 9. Ne1 Nbd7 10. Nd3 Re8 11. h3 Rc8 12. Nb4 c5 13. Nc2 e5 14. Bg3 cxd4 15. exd4 exd4 16. Nxd4 a6 17. Bd3 Nc5 18. N2f3 Nfe4 19. Bf4 g5 20. Be3 f5 21. Nxf5 Qf6 22. Nxg7 Qxg7 23. Bd4 Qh6 24. Nh2 Rf8 25. f3 Nxd3 26. Qxd3 Nc5 27. Ng4 Qc6 28. Qd2 Qg6 29. Rae1 Rce8 30. Rxe8 Rxe8 31. Nf6+ 1-0

[Event "Leitersdorf Region-ch"]
[Site "Leitersdorf"]
[Date "2017.01.04"]
[Round "1.21"]
[White "Kocsis, Tamas"]
[Black "Krispel, Ferdinand"]
[Result "1/2-1/2"]
[WhiteElo "1196"]
[BlackElo "1744"]
[PlyCount "53"]
[EventDate "2017.01.04"]
[EventType "swiss"]
[EventRounds "5"]
[EventCountry "AUT"]
[SourceTitle "EXT 2024"]
[Source "ChessBase"]
[SourceDate "2023.10.10"]
[SourceVersion "1"]
[SourceVersionDate "2023.10.10"]
[SourceQuality "1"]

1. d4 d5 2. Bf4 e6 3. Nf3 c5 4. e3 c4 5. a3 Bd6 6. Bg3 Nc6 7. Be2 Nf6 8. 0-0 Bxg3 9. hxg3 0-0 10. b3 cxb3 11. cxb3 Bd7 12. Nc3 a6 13. Qc2 Rc8 14. Bd3 Re8 15. Rac1 e5 16. dxe5 Nxe5 17. Nxe5 Rxe5 18. Qd2 Qb6 19. b4 Ng4 20. e4 dxe4 21. Nxe4 Rd8 22. Nc5 Bb5 23. Qf4 Bxd3 24. Nxd3 Rxd3 25. Rc8+ Rd8 26. Rxd8+ Qxd8 27. Qxg4 1/2-1/2